| 000 | 01062cam a2200217 4500 | ||
|---|---|---|---|
| 001 | ABS67965 | ||
| 008 | 040702n2004 000 0 eng u | ||
| 035 | _a(Sirsi) u126686 | ||
| 100 | _aLowry, J. | ||
| 245 | _aMeeting in the middle: a quantity surveying perspective on changing education needs in the profession | ||
| 260 | _c2004 | ||
| 490 |
_aBuilding Economist _v June 2004, 4-7(4) |
||
| 520 | _aObserves that the system of tertiary education in Australia for quantity surveyors that has served for around 40 years is coming under examination from a number of directions. Trends in tertiary education are not isolated and these changes in approach may have global implications. Gives a historical background to quantity surveying education in Australia and assesses the move towards competence based assessment. Outlines suggestions for future development. | ||
| 590 | _aABS | ||
| 590 | _aABS | ||
| 650 | _aAUSTRALIA | ||
| 650 | _aVOCATIONAL EDUCATION AND TRAINING | ||
| 650 | _aCOMPETENCE | ||
| 690 |
_aQUANTITY SURVEYING _96263 |
||
| 942 | _n0 | ||
| 999 |
_c117645 _d117645 |
||